000 00629cab a2200205 4500
001 WB2937-23
008 090401t1993 xxu||||| |||| 00| 0 eng d
035 _a(Sirsi) u42595
041 _aeng
245 _aNew Forms
260 _c1993
350 _a0
490 _aOyez Forms Information Service
_v(14/1993) September 1993 (4)
520 _aNew forms relating to the Leasehold Reform Housing and Urban Development Act 1993 are published.
650 _aFORMS
650 _aLEASEHOLD REFORM, HOUSING AND URBAN DEVELOPMENT ACT 1993
690 _aLANDLORD AND TENANT-LEASEHOLD REFORM
942 _n0
948 _c04/03/1997
999 _c27261
_d27261